Culture Générale - Série 1637 - Statistiques

Statistiques générales
  • Ce quiz a été pris 139 fois
  • Le résultat moyen est 4 sur 10
Statistiques - réponses
Question Réponse % Correct
Par quel nom allemand, dérivé du "Caesar" latin, désigne-t-on le dernier empereur d'Allemagne, Guillaume II ? Kaiser
77%
En 1978, Serge Gainsbourg écrit pour Jane Birkin la chanson : "Ex-fan des... sixties
62%
Quel nom portaient les ouvriers qui travaillaient la soie à Lyon ? canuts
54%
Quel dinosaure, dont le nom provient de 2 mots grecs signifiant "maitre" et "lézard", est le plus grand carnassier terrestre de tous les temps ? tyrannosaure
48%
Quel acteur français est le héros de "Mammuth", le film de Benoît Delépine et Gustave de Kervern? Gérard Depardieu
46%
Après celui de Paris, dans quelle ville s'est construit le second Centre national d'art et de culture Georges Pompidou ? Metz
41%
Dans quelle ville de Charente-Maritime, Colbert créa-t-il une base navale en 1666, fortifiée par Vauban ? Rochefort
40%
Quel petit mammifère “chicote” ? souris
37%
Quelle région d'Italie, dont le chef-lieu est Catanzaro, est située à la pointe de la botte ? Calabre
30%
A quelle chanteuse française doit-on l'album intitulé "20 mètres carrés" sorti en 2009 ? Amandine Bourgeois
2%
Aucun quiz correspondant
Distribution des résultats
% des personnes avec chaque résultat
Percentile par nombre de réponses
Votre historique - résultats
Vous n’avez pas pris ce quiz